| Tag |
First Indicator |
Second Indicator |
Subfields |
| LEADER |
00000pam a22000004a 4500 |
| 001 |
in00001563721 |
| 005 |
20151022083703.0 |
| 008 |
000204s2000 nyua b 101 0 eng |
| 010 |
|
|
|a 00023508
|
| 020 |
|
|
|a 0306463776
|
| 035 |
|
|
|a (OCoLC)ocm43513145
|
| 040 |
|
|
|a DLC
|c DLC
|d TXA
|d UtOrBLW
|
| 042 |
|
|
|a pcc
|
| 049 |
|
|
|a TXAM
|
| 050 |
0 |
0 |
|a QR135
|b .O36 2000
|
| 082 |
0 |
0 |
|a 702/.8/8
|2 21
|
| 245 |
0 |
0 |
|a Of microbes and art :
|b the role of microbial communities in the degradation and protection of cultural heritage /
|c edited by Orio Ciferri, Piero Tiano, and Giorgio Mastromei.
|
| 264 |
|
1 |
|a New York :
|b Kluwer Academic/Plenum Publishers,
|c 2000.
|
| 300 |
|
|
|a xvi, 250 pages :
|b illustrations ;
|c 26 cm.
|
| 336 |
|
|
|a text
|b txt
|2 rdacontent
|
| 337 |
|
|
|a unmediated
|b n
|2 rdamedia
|
| 338 |
|
|
|a volume
|b nc
|2 rdacarrier
|
| 500 |
|
|
|a Proceedings of an International Conference on Microbiology and Conservation (ICMC) held June 17-19 in Florence, Italy.
|
| 504 |
|
|
|a Includes bibliographical references and index.
|
| 650 |
|
0 |
|a Biodegradation
|v Congresses.
|
| 650 |
|
0 |
|a Art objects
|x Conservation and restoration
|v Congresses.
|
| 650 |
|
0 |
|a Materials
|x Biodegradation
|v Congresses.
|
| 700 |
1 |
|
|a Ciferri, Orio,
|d 1928-
|
| 700 |
1 |
|
|a Tiano, Piero,
|d 1947-
|
| 700 |
1 |
|
|a Mastromei, Giorgio,
|d 1951-
|
| 711 |
2 |
|
|a International Conference on Microbiology
|c (Florence, Italy)
|
| 948 |
|
|
|a cataloged
|b h
|c 2000/11/8
|d c
|e eneff
|f 11:46:17 am
|
| 994 |
|
|
|a E0
|b TXA
|
| 999 |
|
|
|a MARS
|
| 999 |
f |
f |
|s a2010dcb-9209-3bcc-840c-dc8f21436807
|i 5b70bda6-27e4-3a4e-8399-7c633cd4a1f3
|t 0
|
| 952 |
f |
f |
|p ric
|a Texas A&M University
|b Rellis Campus
|c Joint Library Facility
|d Remote Storage
|t 0
|e QR135 .O36 2000
|h Library of Congress classification
|i unmediated -- volume
|m A14826843033
|
| 998 |
f |
f |
|a QR135 .O36 2000
|t 0
|l Remote Storage
|